000 00351nam a2200133Ia 4500
008 240624s9999 xx 000 0 und d
041 _aeng
082 _a658.4092 HAM
100 _aHAMM JOHN
245 _aUNUSUALLY EXCELLENT THE NECESSARY NINE S
260 _c2011
_aNew Delhi
_bWiley India
300 _axxv, : 230 : p. : cm. ; 23
365 _cRS
_b30
999 _c22487
_d22487